000 01578nam a2200229 a 4500
001 BS0002392
003 BR-BrBNA
005 20230418192022.0
008 230308b |||||||| |||| 00| 0 por d
040 _aBR-BrBNA
_bpor
_cBiblioteca Nacional de Agricultura
041 _apor
072 _aB60
090 _aB60 BS0002392
100 1 _aSproule, A.
245 1 _aThomas Edison /
260 3 _aSantiago, Ch:
_bGlobo,
_c1993.
300 _a64 p.
520 3 _aÉ muito difícil, hoje em dia, imaginar nossa vida sem a energia elétrica. Como ouvir um disco, ver televisão, ir ao cinema ou simplesmente acender uma lâmpada? Pois todas essas facilidades, para as quais só damos atenção quando cai o abastecimento de energia, são o resultado da engenhosidade prática de um homem - Thomas Alva Edison. Antes dele, as ruas, as residências e as fábricas tinham que ser parcamente iluminadas pelo trabalho manual de se acender um a uma das luninárias alimentadas a gás. Qualquer atividade industrial era impraticável quando caía a noite. Edison não descobriu a eletricidade ou o telefone. Mas sua inventividade prática fez seu uso expandir-se por todos os lugares do mundo. Provavelmente, foi o maior inventor que o mundo já viu e legou-nos os princípios tecnológicos do mundo moderno. Esta história fascinante acompanha passo a passo a vida desse incansável inventor, documentando as ideias e criações que nos arrancaram da era do vapor e nos lançaram direto no século 20.
650 _aBIOGRAFIA
909 _a202304
_bSergio Santos
_c56
_dSergio Santos
942 _cBK
999 _c7451
_d7451